000 00460nam a2200157 a 4500
001 000028846
005 20200930055155.0
008 110412s2006 dr c 000 0 spa d
040 _aDO-SdBNP
_bspa
_cBNPHU
082 _axxxx
_bA772
110 2 _aArquidiócesis de Santo Domingo
_953674
245 1 0 _aTrataremos a los demás, como nos gusta que nos traten.
260 _aSanto Domingo :
_bBúho,
_c2006.
300 _a36 p. :
_bretrs. ;
_c21 cm.
049 _aBNPD
999 _c28338
_d28338